Tvorba katalógu detailov stavieb v katastri nehnuteľností

Saved in:
Bibliographic Details
Main Author: Segéň, Lukáš (Author)
Other Authors: Geisse, Robert (Thesis advisor)
Format: Manuscript Book
Language:Slovak
Published: 2024
Subjects:
Online Access:http://is.stuba.sk/zp/portal_zp.pl?podrobnosti=168152
https://opac.crzp.sk/?fn=detailBiblioForm&sid=C007B9F4EACE4D3BE9C541B8D8B7
Tags: Add Tag
No Tags, Be the first to tag this record!

MARC

LEADER 00000ntm a22000003a 4500
001 stuzp97988
003 SK-STU
005 20240927115156.5
007 ta
008 150427s2015----xo-----f-mn---000-0-slo-d
040 |a STU  |b slo 
041 0 |a slo 
100 1 |a Segéň, Lukáš  |u 010140  |4 aut  |U SvF Stavebná fakulta  |T SvF Katedra geodézie  |X 115495  |U V140  |Y 14  |7 115495 
242 0 1 |a Creating a catalog of building details in the real estate cadastre  |y eng 
245 1 0 |a Tvorba katalógu detailov stavieb v katastri nehnuteľností 
260 |c 2024 
650 4 |a stavebný objekt  |2 slo 
650 4 |a katalóg  |2 slo 
650 4 |a katastrálna mapa  |2 slo 
650 4 |a detail stavebného objektu  |2 slo 
650 4 |a building object detail  |2 eng 
650 4 |a building object  |2 eng 
650 4 |a catalog  |2 eng 
650 4 |a cadastral map  |2 eng 
700 1 |a Geisse, Robert  |u 010140  |k Z8  |4 ths  |U SvF Stavebná fakulta  |T SvF Katedra geodézie  |X 886  |U V140  |Y 14  |7 A000000886 
856 4 |u http://is.stuba.sk/zp/portal_zp.pl?podrobnosti=168152 
856 4 |u https://opac.crzp.sk/?fn=detailBiblioForm&sid=C007B9F4EACE4D3BE9C541B8D8B7